[Event "Satka Autumn 2017"]
[Site "Satka"]
[Date "2017.09.12"]
[Round "1"]
[White "Charochkina, Daria"]
[Black "Simakova, Elena"]
[Result "1-0"]
[WhiteElo "2339"]
[BlackElo "1951"]
[Annotator "TA"]
[PlyCount "53"]
[EventDate "2017.??.??"]
[EventType "swiss"]
[EventCountry "RUS"]
[SourceTitle "playchess.com"]
[Source "ChessBase"]
[SourceQuality "1"]

{[%evp 9,53,41,37,38,50,38,62,35,86,52,92,41,194,194,190,202,207,198,200,200,202,207,203,204,335,333,316,317,433,432,423,422,588,584,549,355,766,763,889,889,889,863,872,851,861,847]} 1. d4 Nf6 2. Bf4 c5 3. dxc5 Qa5+ (3... Nc6 4. Nc3 e5 5. Bg5 Bxc5 6. e3 Bb4 7. Nge2 d5 8. a3 Bxc3+ 9. Nxc3 Be6 10. Bb5 d4 11. Bxf6 Qxf6 {½-½ (42) Aronian,L (2799)-Kasparov,G (2812) Saint Louis 2017}) 4. Qd2 Qxc5 5. Nc3 Nc6 6. e4 {[%cal Be2e4,Be4e5][%mdl 32] A45: Trompowsky Attack} d6 7. Nf3 Bd7 $146 ({Predecessor:} 7... Be6 8. a3 Rc8 9. Ng5 Bd7 10. b4 Nxb4 11. axb4 Qxc3 12. Qxc3 Rxc3 13. Rxa7 {1-0 (103) Ballesteros Gonzalez,D (2231)-Nieto de la Cruz,J (2111) Madrid 2013}) 8. a3 {White is slightly better.} Qb6 ({Black should try} 8... Rc8 $14) 9. Bc4 Rc8 10. O-O ({White should play} 10. O-O-O $16) 10... g6 $2 (10... Nd4 $14 11. b3 (11. Qxd4 Qxd4 12. Nxd4 Rxc4 $15) 11... Nxf3+ 12. gxf3 Qa5) 11. e5 $1 $18 {[%cal Re5f6]} dxe5 12. Bxe5 Bg7 13. Bxf6 $1 Bxf6 {[#]} 14. Nd5 $1 {[%cal Rd5b6]} Qc5 15. Nxf6+ exf6 16. Rfe1+ Ne7 (16... Ne5 $142 17. Nxe5 fxe5) 17. Bxf7+ ({Not} 17. Rad1 Bf5 $16) 17... Kxf7 18. Qxd7 Rc7 {[#]} 19. Qe6+ $1 Kg7 20. Rad1 Re8 21. Nd4 {[%cal Bf3d4,Bd4b5,Bb5d6][%mdl 32]} ({Weaker is} 21. Rd6 Ng8 $16) 21... Rcc8 22. b4 Qb6 $2 (22... Qd5 23. Qe2 Qh5 24. Ne6+ Kg8) 23. Qd7 {White is clearly winning.} Kf7 24. Nb5 Rcd8 25. Nd6+ Qxd6 26. Rxd6 {Threatening mate with Qe6+.} Rxd7 27. Rxd7 {Precision: White = 63%, Black = 27%.} 1-0

[Event "Satka Autumn 2017"]
[Site "Satka"]
[Date "2017.09.12"]
[Round "1"]
[White "Semenova, Elena"]
[Black "Mukhina, Jana"]
[Result "0-1"]
[WhiteElo "2284"]
[BlackElo "1923"]
[Annotator "ChessBase"]
[PlyCount "74"]
[EventDate "2017.??.??"]
[EventType "swiss"]
[EventCountry "RUS"]
[SourceTitle "playchess.com"]
[Source "ChessBase"]
[SourceQuality "1"]
[TimeControl "5400+30"]

1. e4 {[%emt 0:00:00]} e5 {[%emt 0:00:06]} 2. Nf3 {[%emt 0:00:00]} Nc6 {[%emt 0:00:08]} 3. d4 {[%emt 0:00:14]} exd4 {[%emt 0:00:26]} 4. Nxd4 {[%emt 0:00:15]} Bb4+ {[%emt 0:00:11]} 5. c3 {[%emt 0:00:05]} Bc5 {[%emt 0:00:06]} 6. Be3 {[%emt 0:00:06]} Bb6 {[%emt 0:00:09]} 7. Nf5 {[%emt 0:00:21]} g6 {[%emt 0:01:29]} 8. Bxb6 {[%emt 0:00:14]} axb6 {[%emt 0:00:15]} 9. Ne3 {[%emt 0:00:05]} Nf6 {[%emt 0:01:14]} 10. f3 {[%emt 0:00:14]} O-O {[%emt 0:00:48]} 11. c4 {[%emt 0:00:29]} d5 {[%emt 0:00:15]} 12. cxd5 {[%emt 0:00:33]} Nxe4 {[%emt 0:01:40]} 13. fxe4 {[%emt 0:00:13]} Qh4+ {[%emt 0:00:40]} 14. Ke2 {[%emt 0:01:11]} Bg4+ {[%emt 0:09:57]} 15. Nxg4 {[%emt 0:00:13]} Qxg4+ {[%emt 0:00:01]} 16. Kd2 {[%emt 0:00:15]} Qf4+ {[%emt 0:09:07]} 17. Kc2 {[%emt 0:02:44]} Nb4+ {[%emt 0:39:33]} 18. Kb3 {[%emt 0:03:47]} Nxd5 {[%emt 0:21:17]} 19. Bd3 {[%emt 0:27:31]} Ne7 {[%emt 0:07:24]} 20. Nc3 {[%emt 0:07:45]} Nc6 {[%emt 0:00:29]} 21. a3 {[%emt 0:01:45]} Rfd8 {[%emt 0:03:08]} 22. Nd5 {[%emt 0:10:43]} Qe5 {[%emt 0:00:09]} 23. Rc1 {[%emt 0:05:26]} b5 {[%emt 0:00:28]} 24. Rf1 {[%emt 0:07:21]} Nd4+ {[%emt 0:00:57]} 25. Ka2 {[%emt 0:00:48]} c6 {[%emt 0:00:10]} 26. Nb4 {[%emt 0:04:09]} Ra4 {[%emt 0:02:37]} 27. Bc2 {[%emt 0:02:54]} Rxb4 {[%emt 0:00:25]} 28. axb4 {[%emt 0:01:53]} Ra8+ {[%emt 0:00:04]} 29. Kb1 {[%emt 0:00:11]} Qe6 {[%emt 0:00:12]} 30. Ba4 {[%emt 0:00:35]} Qxe4+ {[%emt 0:01:30]} 31. Bc2 {[%emt 0:03:20]} Qd5 {[%emt 0:00:01]} 32. b3 {[%emt 0:10:54]} Qe5 {[%emt 0:00:01]} 33. Bd3 {[%emt 0:03:58]} Nc2 {[%emt 0:01:17]} 34. Qe2 {[%emt 0:04:01]} Na3+ {[%emt 0:00:04]} 35. Ka2 {[%emt 0:00:03]} Nc4+ {[%emt 0:00:05]} 36. Kb1 {[%emt 0:00:03]} Ra1+ {[%emt 0:01:32]} 37. Kc2 {[%emt 0:00:03]} Qb2+ {[%emt 0:00:28]} 0-1

[Event "Satka Autumn 2017"]
[Site "Satka"]
[Date "2017.09.12"]
[Round "1"]
[White "Makarenko, Alexandra"]
[Black "Mirgalina, Anna"]
[Result "1-0"]
[WhiteElo "2251"]
[BlackElo "1308"]
[Annotator "TA"]
[PlyCount "39"]
[EventDate "2017.??.??"]
[EventType "swiss"]
[EventCountry "RUS"]

{[%evp 12,39,-14,-8,0,0,45,37,43,53,75,23,62,-2,71,-56,38,34,42,30,68,44,72,65,425,428,861,883,871,873]} 1. e4 c5 2. Nf3 d6 3. Bc4 Nf6 4. e5 dxe5 5. Nxe5 e6 6. Qe2 Bd6 {B50: Sicilian: 2...d6, Miscellaneous} 7. b3 {LiveBook: 12 Games} Bxe5 $146 ({Find the theoretical novelty and annotate with similar games:} 7... O-O 8. Bb2 Nbd7 9. f4 Nb6 10. O-O Nxc4 11. bxc4 Ne8 12. Nc3 f6 13. Nd3 Nc7 14. a4 {½-½ (57) Kuporosov,V (2413)-Arun Prasad,S (2530) Moscow 2012}) 8. Qxe5 Nbd7 {The position is equal.} 9. Qg3 O-O 10. Bb2 Nb6 11. Bd3 ({Better is} 11. Be2 $16) 11... Nbd5 12. a3 (12. O-O $14) 12... Nh5 (12... e5 $11) 13. Qf3 (13. Qe5 $16 Ndf4 14. Be4) 13... Qg5 (13... Ndf4 $15 14. Nc3 Nxd3+ 15. cxd3 Qg5) 14. h4 Qh6 15. g3 {[%cal Bg2g3,Bg3g4,Bg4g5][%mdl 32]} a6 16. c4 Ne7 17. Be2 $36 {[%mdl 2048] White has the initiative.} g6 $2 {[%mdl 8192] [#]} (17... Nf6 $14) 18. g4 $1 $18 {[%cal Rg4g5] Black must now prevent g5.White is clearly winning.} ({Weaker is} 18. Qc3 f6 $16) 18... Ng7 (18... e5 $142 19. gxh5 Nc6 20. hxg6 hxg6) 19. g5 {Strongly threatening Qf6.} Qh5 20. Qf6 {Precision: White = 48%, Black =  8%.} 1-0

[Event "Satka Autumn 2017"]
[Site "Satka"]
[Date "2017.09.12"]
[Round "1"]
[White "Sazonova, Anastasia"]
[Black "Kilina, Elizaveta"]
[Result "1-0"]
[WhiteElo "2155"]
[BlackElo "1186"]
[Annotator "TA"]
[PlyCount "51"]
[EventDate "2017.??.??"]
[EventType "swiss"]
[EventCountry "RUS"]
[SourceTitle "playchess.com"]
[Source "ChessBase"]
[SourceQuality "1"]

{[%evp 23,50,51,94,81,108,106,100,111,165,154,252,230,226,157,2129,2026,29990,2575,29991,2297,29991,29984,29991,29992,29997,29998,29998,29999,29999]} 1. d4 e6 2. Nf3 Nf6 3. c4 c6 4. g3 d5 5. Nbd2 Nbd7 6. Bg2 Be7 7. O-O O-O 8. Qc2 Qc7 9. e4 dxe4 10. Nxe4 Nxe4 11. Qxe4 Nf6 12. Qe2 Re8 13. Ne5 $146 {E09: Closed Catalan: Main Line: 7 Qc2 c6 8 Nbd2} ({Predecessor:} 13. Bf4 Bd6 14. Ne5 Nd7 15. c5 Bxe5 16. Bxe5 Nxe5 17. dxe5 Rd8 18. Rfd1 Bd7 19. Rd6 Be8 20. Rad1 Rd7 {1-0 (46) Mikanovic,S (2226)-Schoenangerer,H (2057) Austria 2016}) 13... c5 14. dxc5 Bxc5 15. Bf4 {White is better.} Qb6 (15... a5 $16 16. Rad1 a4) 16. Rad1 $18 {[%cal Ba1d1,Bd1d8,Bd8e8][%mdl 32]} Re7 (16... h6 $16 {is a better defense.} 17. b3 a5) 17. a3 {b4 is the strong threat.} a5 18. Bg5 {Hoping for Qf3.} Rc7 $2 {[#]} (18... h6 $16) 19. Rd8+ Ne8 20. Rxe8+ Bf8 21. Rd1 (21. Rxf8+ $142 Kxf8 22. Qd3 Qd4 23. Qxd4 Rd7 24. Nxd7+ Bxd7 25. Bxb7 h6 26. Qxd7) 21... f6 22. Rdd8 {[%csl Gd8][%cal Re8f8] White mates.} Rf7 23. Nxf7 Kxf7 24. Qh5+ g6 25. Qxh7+ Bg7 26. Qg8# {Precision: White = 79%, Black = 20%.} 1-0

[Event "Satka Autumn 2017"]
[Site "Satka"]
[Date "2017.09.12"]
[Round "1"]
[White "Trapeznikova, Darya"]
[Black "Skobochkina, Maria"]
[Result "1-0"]
[WhiteElo "2101"]
[BlackElo "1133"]
[Annotator "TA"]
[PlyCount "65"]
[EventDate "2017.??.??"]
[EventType "swiss"]
[EventCountry "RUS"]
[SourceTitle "playchess.com"]
[Source "ChessBase"]
[SourceQuality "1"]

{[%evp 10,64,23,34,124,132,148,141,186,193,238,238,214,176,190,163,167,157,191,180,247,222,226,217,249,229,324,320,712,712,676,663,907,877,1039,953,1000,818,784,693,1054,1034,1262,1228,1471,1458,29985,29985,29992,29993,29993,29994,29996,29997,29997,29998,29999]} 1. d4 d5 2. c4 c6 3. Nc3 Nf6 4. e3 Bf5 5. cxd5 cxd5 6. Qb3 {LiveBook: 288 Games} b6 {D10: Slav Defence: 3 cxd5 (without early Nf3) and 3 Nc3} (6... Bc8 $14) (6... Nc6 7. Qxb7 Bd7 8. Qb3 Rb8 9. Qd1 e5 10. dxe5 Nxe5 11. Nge2 Bc5 12. Nd4 O-O 13. Be2 Qe7 14. O-O {1-0 (48) Melkumyan,H (2640)-Solak,D (2633) Izmir 2016}) 7. Bb5+ $16 Nbd7 8. Nxd5 Be4 {White is clearly better.} 9. Nxf6+ exf6 {[#]} 10. f3 $1 {[%cal Rf3e4]} Bb7 $146 ({Predecessor:} 10... Bg6 11. Qd5 Rc8 12. Ne2 Rc7 13. e4 Bb4+ 14. Kf2 {1-0 (33) Spieler,F (2238)-Tortoza,C (1632) Remote email 2014}) 11. Ne2 Bd6 12. e4 O-O 13. Be3 Re8 14. O-O Bc7 (14... Qe7 $142 15. Ng3 g6) 15. Rac1 a6 16. Bc4 Re7 17. Nf4 Kh8 (17... Qb8 $142) 18. Bxf7 Rc8 $2 {[#]} (18... Nf8 19. Rfd1 b5) 19. Ne6 $18 Rxe6 20. Bxe6 Qe7 21. Rc3 Qd6 22. g3 Re8 23. Bf7 Rf8 24. Kg2 h6 25. Bf4 Qe7 26. Rxc7 Rxf7 27. Rxb7 Kg8 28. Rc1 {[%cal Bf1c1,Bc1c7,Bc7c8][%mdl 32] White mates.} Qd8 29. Rcc7 Kf8 30. Bd6+ Ke8 31. Qe6+ Re7 32. Bxe7 Qxe7 33. Rc8# {Precision: White = 95%, Black = 18%.} 1-0

[Event "Satka Autumn 2017"]
[Site "Satka"]
[Date "2017.09.12"]
[Round "1"]
[White "Chan, Naruna"]
[Black "Kovanova, Baira"]
[Result "0-1"]
[WhiteElo "1951"]
[BlackElo "2368"]
[Annotator "TA"]
[PlyCount "84"]
[EventDate "2017.??.??"]
[EventType "swiss"]
[EventCountry "RUS"]
[SourceTitle "playchess.com"]
[Source "ChessBase"]
[SourceQuality "1"]

{[%evp 13,84,29,10,0,43,28,31,-10,0,0,0,-39,0,0,0,-12,-8,-12,-6,-26,-23,-23,-24,-32,-36,-57,-27,-99,-88,-93,-76,-100,-90,-152,-143,-173,-172,-168,-179,-179,-150,-166,-149,-201,-197,-209,-196,-205,-206,-238,-237,-300,-231,-246,-197,-238,-222,-376,-300,-372,-286,-330,-298,-306,-237,-384,-279,-751,-417,-1240,-1212,-2998,-2269]} 1. e4 e5 2. Nf3 d6 3. d4 exd4 4. Nxd4 Nf6 5. Nc3 Be7 6. Bd3 O-O 7. O-O Re8 {LiveBook: 13 Games} 8. Re1 {C41: Philidor Defence} (8. Bd2 Nbd7 9. Nf5 Bf8 10. Bg5 Ne5 11. Nd5 Bxf5 12. Bxf6 gxf6 13. exf5 c6 14. Nf4 Bh6 15. Nh3 Qe7 {1-0 (32) Grandelius,N (2647)-Demuth,A (2545) Berlin 2015}) 8... Bg4 $146 ({Find the theoretical novelty and annotate with similar games:} 8... Nbd7 9. b3 Bf8 10. Bb2 Nc5 11. h3 c6 12. Qf3 Nxd3 13. Qxd3 Bd7 14. a4 Qa5 15. Rad1 Rad8 {0-1 (44) Renner,C (2375)-Thiede,L (2443) Germany 2015}) 9. f3 Bd7 10. Nd5 {White is slightly better.} Nxd5 11. exd5 Bf6 12. Nf5 a5 13. c3 Na6 14. Bd2 Nc5 15. Bc2 a4 16. Ng3 g6 17. b4 axb3 18. axb3 b5 {[%cal Bb7b5,Bb5a4][%mdl 32]} 19. b4 {And now Rxa8 would win.} Na4 20. Bxa4 (20. Ne4 $11 {remains equal.}) 20... bxa4 $17 21. Ne4 Bg7 22. c4 h6 ({Reject} 22... Bxa1 $6 23. Qxa1 Rxe4 24. Rxe4 $14) 23. Ra2 {[#]} (23. b5 $142) 23... f5 $1 {[%cal Rf5e4]} 24. Nc3 Qh4 25. f4 Bd4+ 26. Kh1 Bxc3 27. Bxc3 {With the idea Rxe8+.} Qxf4 28. c5 (28. Rc2 $17 {was called for.}) 28... Qc4 $19 29. Rc2 Rxe1+ 30. Qxe1 {[#]} Re8 $1 {[%cal Re8e1]} ({Weaker is} 30... Qxd5 31. Re2 $11) 31. Qc1 f4 $40 {[%mdl 128] Black has strong attack.} 32. Bd2 Qe2 {aiming for ...Bf5.} ({Resist} 32... Qxd5 33. Bxf4 Qb3 34. Rd2 $19) 33. Bc3 Qe4 34. Rf2 g5 35. Qd1 $2 {[#]} (35. h4) 35... Bg4 $1 {[%mdl 512]} 36. Qf1 (36. Qxg4 Qe1+) 36... Qxd5 37. cxd6 cxd6 38. Kg1 Rc8 39. Ba1 (39. Qb1 $142 Bf5 40. Qb2) 39... Qe4 40. h3 $2 (40. Bb2) 40... Bh5 {Hoping for ...Qe3.} 41. b5 (41. Kh1 $142) 41... Qe3 42. Kh1 Rc1 {Precision: White = 26%, Black = 72%.} 0-1

[Event "Satka Autumn 2017"]
[Site "Satka"]
[Date "2017.09.12"]
[Round "1"]
[White "Matsenko, Elena"]
[Black "Mirzoeva, Elmira"]
[Result "0-1"]
[WhiteElo "1927"]
[BlackElo "2329"]
[Annotator "TA"]
[PlyCount "96"]
[EventDate "2017.??.??"]
[EventType "swiss"]
[EventCountry "RUS"]
[SourceTitle "playchess.com"]
[Source "ChessBase"]
[SourceQuality "1"]

{[%evp 16,96,20,11,10,16,20,12,10,11,12,0,4,-14,-12,-15,-18,-39,-14,-33,-18,-18,-17,-17,-18,-18,0,-8,0,-4,-4,-5,0,0,-4,-9,-18,-64,-53,-54,-27,-35,-34,-35,-33,-53,-40,-44,-27,-52,-19,-66,-53,-72,-69,-91,-77,-75,-75,-85,-73,-88,-58,-57,-59,-85,-54,-102,-74,-97,-74,-122,-58,-94,-74,-102,-96,-274,-281,-273,-279,-265,-266]} 1. e4 d6 2. d4 Nf6 3. Nc3 c6 4. Nf3 Bg4 5. h3 Bh5 6. Be2 e6 7. O-O Be7 8. Be3 d5 {B07: Pirc Defence: Miscellaneous Systems} (8... O-O 9. Qd2 d5 10. e5 Nfd7 11. Nh2 Bg6 12. f4 c5 13. Nf3 Nc6 14. g4 Be4 15. dxc5 Nxc5 16. Nd4 Rc8 17. Nxc6 Rxc6 {½-½ (44) Rozentalis,E (2611)-Sakalauskas,V (2418) Warsaw 2009}) 9. exd5 {LiveBook: 11 Games} Nxd5 $146 ({Predecessor:} 9... exd5 10. g4 Bg6 11. Ne5 Ne4 12. Nxe4 Bxe4 13. f3 Bg6 14. c4 O-O 15. Qb3 Nd7 16. cxd5 Nxe5 17. dxe5 Qxd5 18. Qxd5 cxd5 {1-0 (36) Maki,V (2366)-Nivala,T (2255) Finland 2016}) 10. Nxd5 cxd5 {The position is equal.} 11. Ne5 Bxe2 12. Qxe2 O-O 13. f4 Nd7 14. Nxd7 Qxd7 15. Qd3 g6 16. Rf3 Rac8 17. a4 Rc4 18. b3 Rc6 19. Bd2 Rfc8 20. c3 a5 21. Rff1 Qc7 22. Rab1 Bf6 23. Kh1 Bg7 24. Rf3 Qb6 25. Qf1 Qa6 26. Qe1 b5 27. b4 axb4 28. axb5 Qxb5 {[#] Strongly threatening ...b3.} 29. Rxb4 Qa6 30. Qb1 Qe2 (30... Bf8 $5 {[%cal Rf8b4]} 31. Rb5 Ra8 $17) 31. Qe1 Qe4 $36 {[%mdl 2048] Black has the initiative.} 32. Rf1 Ra6 33. Qb1 Bf8 (33... Qe2 $5 {[%cal Re2d2]} 34. Rb2 Bf8 $17) 34. Rb3 Qe2 35. Qd1 Qd3 36. Rf3 Qc4 37. Rb1 Rca8 38. Qf1 Qc7 39. Qd3 Ra2 40. Rff1 Bd6 41. Rf3 Kg7 42. Rff1 R8a3 43. Rf3 Qc6 (43... Qc4 $17 {White must now prevent ...Qxd3.} 44. Qe3 Rb3) 44. Bc1 Ra6 45. Bd2 Qa4 46. Rff1 $2 {[#]} (46. Rc1 $17) 46... Qc2 $19 {Black has a decisive advantage.} 47. Qxc2 Rxc2 48. Rbd1 Raa2 {Precision: White = 33%, Black = 35%.} 0-1

[Event "Satka Autumn 2017"]
[Site "Satka"]
[Date "2017.09.12"]
[Round "1"]
[White "Surovtseva, Alisa"]
[Black "Schepetkova, Margarita"]
[Result "0-1"]
[WhiteElo "1623"]
[BlackElo "2266"]
[Annotator "TA"]
[PlyCount "106"]
[EventDate "2017.??.??"]
[EventType "swiss"]
[EventCountry "RUS"]
[SourceTitle "playchess.com"]
[Source "ChessBase"]
[SourceQuality "1"]

{[%evp 16,106,-3,-16,0,0,8,0,0,0,5,0,0,0,0,-46,-55,-111,-102,-113,-105,-100,-110,-104,-116,-259,-254,-264,-268,-268,-266,-263,-257,-282,-271,-364,-358,-461,-482,-530,-473,-601,-565,-783,-778,-770,-742,-704,-496,-684,-689,-672,-529,-654,-531,-520,-517,-512,-503,-685,-668,-775,-710,-803,-743,-722,-670,-644,-644,-2710,-2057,-11157,-10777,-6797,-6313,-29960,-29957,-29966,-29958,-29973,-29972,-29972,-29974,-29976,-29973,-29966,-29964,-12033,-12086,-7054,-6095,-5832,-5655]} 1. e4 c6 2. d4 d5 3. exd5 cxd5 4. c4 Nf6 5. Nc3 g6 6. Bg5 Bg7 7. Bxf6 Bxf6 8. cxd5 {B14: Caro-Kann: Panov-Botvinnik Attack with 5...e6 and 5...g6} Qb6 (8... O-O 9. Nge2 e6 10. dxe6 Bxe6 11. d5 Bd7 12. Ng3 Qb6 13. Qd2 Bd4 14. Bc4 Re8+ {½-½ (41) Dubov,D (2618)-Fressinet,L (2709) Yerevan 2014}) 9. Bb5+ {LiveBook: 3 Games} Nd7 10. Nf3 $146 {The position is equal.} ({Predecessor:} 10. Nge2 a6 11. Ba4 O-O 12. Bb3 Bg7 13. O-O Nf6 14. Re1 Qd6 15. Ng3 b5 16. Re5 Qd8 17. Qe2 Bg4 18. f3 {½-½ (18) Valiente,C (2320)-Slipak,S (2395) Buenos Aires 1988}) 10... a6 11. Bxd7+ Bxd7 12. Qd2 Bb5 13. Ne5 Rc8 14. Rc1 O-O 15. a4 {[#]} Bxa4 $1 {[%mdl 512]} 16. Nxa4 ({White should try} 16. O-O $15 Qb4 17. Rfe1) 16... Rxc1+ $17 17. Qxc1 Qxd4 18. Nd7 {Hoping for Nc3.} Qe4+ 19. Kf1 Qxa4 20. Nxf6+ (20. Nxf8 $17 {was forced.} Bxb2 21. Qe3) 20... exf6 {[%mdl 4096] Endgame KQR-KQR} 21. h4 Qb5+ 22. Kg1 Qxd5 23. Rh3 Rd8 24. Kh2 Qd6+ 25. Rg3 h5 26. Qc4 Kg7 27. Qe4 b5 28. Qe2 Qf4 29. Kg1 Qc1+ 30. Kh2 Rd1 {[%csl Gc1][%cal Rd1h1] [#]} 31. Rc3 Rh1+ 32. Kg3 Qg1 33. Qe4 Qh2+ 34. Kf3 Qxh4 35. Qxh4 Rxh4 $19 {KR-KR} 36. Ra3 Rb4 37. Rxa6 Rxb2 38. Rb6 f5 39. Ke3 g5 40. g3 f6 41. Rb7+ Kg6 42. f4 Rb3+ 43. Kf2 gxf4 44. gxf4 h4 {[%cal Bh5h4,Bh4h3][%mdl 32]} 45. Kg2 Kh5 46. Rh7+ Kg4 47. Rf7 h3+ 48. Kh2 Rb2+ 49. Kg1 Kg3 {[%cal Rb2b1]} 50. Rg7+ Kxf4 51. Rh7 Rb3 {Black is clearly winning.} 52. Rh6 Ke5 53. Rh8 b4 {Precision: White = 17%, Black = 91%.} 0-1

[Event "Satka Autumn 2017"]
[Site "Satka"]
[Date "2017.09.12"]
[Round "1"]
[White "Telelyukhina, Elizaveta"]
[Black "Maletina, Tatiana"]
[Result "0-1"]
[WhiteElo "1270"]
[BlackElo "2241"]
[Annotator "TA"]
[PlyCount "46"]
[EventDate "2017.??.??"]
[EventType "swiss"]
[EventCountry "RUS"]
[SourceTitle "playchess.com"]
[Source "ChessBase"]
[SourceQuality "1"]

{[%evp 11,45,-5,6,10,11,14,19,0,18,0,2,15,7,0,11,12,13,-64,-61,-323,-302,-418,-423,-556,-556,-29995,-29996,-29996,-29997,-29997,-29998,-29998,-29998,-29998,-29999,-29999]} 1. e4 e6 2. d4 d5 3. exd5 exd5 4. Nf3 Bd6 5. Bd3 Nc6 6. Be3 {C01: French: Exchange Variation} (6. c3 Bg4 7. O-O Nge7 8. Re1 Qd7 9. Nbd2 f6 10. b4 O-O 11. Nf1 Rae8 12. a4 Ng6 13. Ne3 Be6 14. g3 Nce7 15. Ra2 Nf5 16. Ng2 Bf7 17. Rae2 Rxe2 18. Rxe2 Re8 {½-½ (40) Leko,P (2731)-Morozevich,A (2724) Sochi 2014}) 6... Bg4 {LiveBook: 5 Games} 7. O-O Nge7 8. h3 {The position is equal.} Bh5 9. a3 f5 $146 ({Find the theoretical novelty and annotate with similar games:} 9... Qd7 10. Nbd2 f5 11. Nb3 f4 12. Bd2 O-O-O 13. Be2 Nf5 14. Bc3 Rde8 15. Re1 {0-1 (38) Szilveszter,S (1740)-Dicu,R (2267) Corund 2016}) 10. c3 (10. c4 $5 {[%cal Rc4c5]} f4 11. cxd5 fxe3 12. dxc6 exf2+ 13. Rxf2 bxc6 14. Bc4 $14) 10... O-O 11. Bg5 Qd7 12. Bxe7 Nxe7 13. Nbd2 Ng6 14. Qb1 (14. Re1 $11) 14... Nf4 $15 15. Bc2 $2 {[%mdl 8192]} (15. Re1 $1 $15) 15... Qf7 16. Nh4 Qf6 17. Nxf5 Qg5 $1 {[%csl Gf4,LRg2,LRh3][%cal Rg5g2] [#]} 18. Ne3 Nxh3+ {Black mates.} 19. Kh1 Nxf2+ 20. Rxf2 Qh4+ 21. Kg1 Qxf2+ 22. Kh1 Qh4+ 23. Kg1 Qh2# {Precision: White = 29%, Black = 82%.} 0-1

[Event "Satka Autumn 2017"]
[Site "Satka"]
[Date "2017.09.12"]
[Round "1"]
[White "Davydova, Tatiana"]
[Black "Protopopova, Anastasiya"]
[Result "0-1"]
[WhiteElo "1149"]
[BlackElo "2152"]
[Annotator "TA"]
[PlyCount "62"]
[EventDate "2017.??.??"]
[EventType "swiss"]
[EventCountry "RUS"]
[SourceTitle "playchess.com"]
[Source "ChessBase"]
[SourceQuality "1"]

{[%evp 9,61,-30,-24,-34,-18,-27,-14,-11,-8,-24,-27,-86,-61,-168,-168,-160,-156,-177,-104,-114,-81,-91,-49,-257,-256,-264,-272,-486,-372,-356,-293,-297,-263,-301,-301,-284,-250,-296,-300,-262,-279,-495,-495,-501,-493,-477,-447,-1039,-464,-29987,-29988,-29990,-29991,-29999]} 1. e4 c6 2. Bc4 d5 3. exd5 cxd5 4. Bb5+ (4. Bb3 Nc6 5. Ne2 Bg4 6. f3 Bf5 7. O-O e6 8. d4 Bd6 9. Nbc3 Qc7 10. f4 a6 11. Ng3 Nxd4 {0-1 (31) Pg,L (2301)-Khamrakulov,D (2479) Bandar Seri Begawan 2011}) 4... Bd7 5. Qe2 Nf6 6. Nf3 {B10: Caro-Kann: 2 d3 and 2 c4} Nc6 7. b3 $146 ({Predecessor:} 7. O-O g6 8. d4 Bg7 9. c3 O-O 10. Bd3 Qc7 11. h3 Nh5 {½-½ (28) Feiersinger,G (1725)-Niedermayer,A (2160) Wattens 1998}) 7... e6 8. O-O {The position is equal.} Bd6 9. c4 O-O 10. cxd5 (10. Bb2 $11 {remains equal.}) 10... Nxd5 11. Bb2 (11. Ba3 $15 Bxa3 12. Nxa3) 11... a6 $19 12. Bd3 {[#]} Nf4 $1 {[%cal Rf4e2]} 13. Qe3 Nxd3 ({Black should try} 13... e5 $19 {Threatens to win with ...Nb4.} 14. Nc3 Bc7) 14. Qxd3 $17 Be7 ({Of course not} 14... Bb4 $6 15. Na3 $15) 15. Nc3 Nb4 16. Qd4 $2 (16. Qe2 $15) 16... Nc2 $1 $19 {[%csl LRa1,LRd4]} 17. Qg4 Nxa1 18. Ne2 $2 (18. Rxa1 {was necessary.} Rc8 19. Re1) 18... Bf6 19. Bxa1 Bxa1 20. Rxa1 Qf6 21. Re1 Rfd8 22. d4 e5 23. Qg3 exd4 24. Nexd4 Bc6 25. Nc2 $2 (25. Nxc6 Qxc6 26. Qg5) 25... Bxf3 26. gxf3 Qc3 27. Re2 Qd3 28. Kf1 (28. Qe5 $142) 28... Rac8 (28... Re8 $142 29. Nd4 Qxd4 30. Rxe8+ Rxe8) 29. Ne1 (29. f4 $19) 29... Rc1 {Black mates.} 30. Qe5 {[#]} Rxe1+ $1 {[%mdl 512]} 31. Kxe1 Qd1# {Precision: White = 22%, Black = 58%.} 0-1